Progress in solid state chemistry (Record no. 20041)

000 -LEADER
fixed length control field 00532nam a2200205 4500
001 - CONTROL NUMBER
control field 20041
003 - CONTROL NUMBER IDENTIFIER
control field BD-DhUET
008 - FIXED-LENGTH DATA ELEMENTS--GENERAL INFORMATION
fixed length control field 750901c19649999enkqx p 0 a0eng c
040 ## - CATALOGING SOURCE
Original cataloging agency MnMULS
Language of cataloging eng
Transcribing agency DLC
Modifying agency BD-DhUET
082 ## - DEWEY DECIMAL CLASSIFICATION NUMBER
Classification number 541.31
Item number REI1971
100 ## - MAIN ENTRY--PERSONAL NAME
Personal name Reiss, H.
245 00 - TITLE STATEMENT
Title Progress in solid state chemistry
250 ## - EDITION STATEMENT
Edition statement 1st ed.
260 ## - PUBLICATION, DISTRIBUTION, ETC. (IMPRINT)
Place of publication, distribution, etc. Oxford
Name of publisher, distributor, etc. Pergamon Press
Date of publication, distribution, etc. 1971
300 ## - PHYSICAL DESCRIPTION
Extent xi, 514p.
Other physical details ill.
Dimensions 24 cm.
500 ## - GENERAL NOTE
General note Volume - 5
504 ## - BIBLIOGRAPHY, ETC. NOTE
Bibliography, etc Includes bibliographies
650 #0 - SUBJECT ADDED ENTRY--TOPICAL TERM
Topical term or geographic name as entry element Solid state chemistry
942 ## - ADDED ENTRY ELEMENTS (KOHA)
Koha item type Edited Book
Holdings
Koha item type Price effective from Location (home branch) Koha full call number Not for loan Withdrawn status Date acquired Shelving location Source of classification or shelving scheme Piece designation (barcode) Sublocation or collection (holding branch) Lost status Koha date last seen Damaged status Copy number Koha normalized classification for sorting
Edited Book2015-04-09Central Library, BUET541.31/REI1971  2015-04-09Circulation section 44077Central Library, BUET 2015-04-09 1541_310000000000000_REI1971